Requirements for professional and managerial competence of public officials
Guardado en:
| Autor principal: | |
|---|---|
| Formato: | Capítulo de libro |
| Lenguaje: | inglés |
| Etiquetas: |
Sin Etiquetas, Sea el primero en etiquetar este registro!
|
MARC
| LEADER | 00000nla a2200000 4500 | ||
|---|---|---|---|
| 001 | 0220705 | ||
| 005 | 20240502083548.0 | ||
| 041 | 0 | |a eng | |
| 044 | |a AE | ||
| 245 | 1 | 0 | |a Requirements for professional and managerial competence of public officials |c Zuzana Skorková |
| 500 | |a Abstrakt | ||
| 100 | 1 | |a Skorková, Zuzana, 1979- | |